| 000 | nam a22 a 4500 | ||
|---|---|---|---|
| 999 |
_c405584 _d405584 |
||
| 003 | BLK | ||
| 005 | 20210406061727.0 | ||
| 008 | 210406b bu |||||r|||| 00| | bu d | ||
| 040 | _aBLK | ||
| 041 |
_aBUL _cBUL |
||
| 080 |
_aМесо и месни продукти (хранителни) (Вж и 664. 9 ; 637. 51) _b637.5 _z637.5 |
||
| 080 |
_aРибно стопанство _b639.2/.3 _z639.2/.3 |
||
| 100 |
_91299 _aАлмазов, Александр Михайлович _eпърви автор |
||
| 139 | _aАлмазов, Александр Михайлович | ||
| 245 |
_aТовароведение мясных и рыбных товаров _bУчебник для школ торг. ученичества |
||
| 260 |
_9212505 _aМосква _bГосторгиздат _c1952 |
||
| 300 |
_a176 с. _b ил. _c23 см |
||
| 380 | _a3 | ||
| 650 | 0 |
_9285533 _aМесо и месни продукти - учебници |
|
| 650 | 7 |
_9169471 _aРибни продукти - учебници |
|
| 653 | 7 |
_9198844 _aтърговия |
|
| 852 |
_aЦб 3.225.40790 _bЦб |
||
| 942 |
_cKNG _n0 _s1 |
||
| 944 |
_aCR _c2021-04-06 _kА.М. |
||